00724nam a2200241Ia 4500008004100000020001800041050000800059050001000067100002300077245007200100260001800172260002600190260000900216300002400225650004500249650003300294650002300327650004300350650002300393650002200416650002200438650002200460170203s9999 xx 000 0 und d a9781856021012 aFic bH762s aHolzwarth, Werner. 4aThe story of the little mole who knew it was none of his business / aSt. Albans :  bDavid Bennett Books,  c1994 a20 unnumbered pages aAnimals -- Manure -- Pictorial works --  aFeces -- Pictorial works --  aGerman fiction --  aMoles (Animals) -- Pictorial works --  xChildren's stories xJuvenile fiction. xJuvenile fiction. xJuvenile fiction.